| 000 | 00783nam a2200217Ia 4500 | ||
|---|---|---|---|
| 003 | GCL | ||
| 008 | 140319s9999 xx 000 0 ara d | ||
| 020 | _a0232281966 | ||
| 040 |
_aGCL / _cGCL |
||
| 082 | 0 | 4 |
_a547.75 _bر ط |
| 100 | 1 | _aرضوان صدقى فرج محمد | |
| 245 | 1 | 0 |
_aالطرق الحديثة لتحليل الاحماض الامينية وتقييم نوعية البروتين / _cرضوان صدقى فرج محمد |
| 250 | _aالاولى | ||
| 260 |
_aالقاهرة : _bالمكتبة الاكاديمية ، _c2004 |
||
| 300 |
_a147 ص ؛ _c25 سم |
||
| 650 | 0 | 4 | _aالكيمياء الحيوية |
| 650 | 0 | 4 | _aالبروتينات |
| 650 | 0 | 4 | _aالاحماض الامنيية |
| 650 | 0 | 4 | _aالبروتينات - تحليل |
| 942 |
_2ddc _cBK |
||
| 999 |
_c56832 _d56832 |
||